00344pab a2200121 454500008004000000100002600040245007300066260000900139300001300148362001100161650001600172773003400188180718b2015 xxu||||| |||| 00| 0 eng d aSitlhou, Hoineilhing  aConfronting the state: land rights discourse in the hills of Manipur c2015 ap.70-77. a25 Jul aLand tenure aEconomic and Political Weekly